Fırtınayla gelenler/ (Record no. 13873)

MARC details
000 -BAŞLIK
Sabit Uzunlukta Kontrol Alanı 00612nam a22002057a 4500
999 ## - SİSTEM KONTROL NUMARALARI (KOHA)
Koha Biblionumber 13873
Koha Biblioitemnumber 13873
003 - KONTROL NUMARASI IDENTIFIER
Denetim Alanı MIRAKIL
005 - SON İŞLEM TARİHİ VE ZAMANI
Denetim Alanı 20200813095837.0
008 - SABİT-BOY VERİ ELEMANLARI - GENEL BİLGİLER
Sabit Uzunlukta Kontrol Alanı 200813b tu ||||| |||| 00| 0 tur d
040 ## - KATALOGLAMA KAYNAK
Orijinal Kataloglama Ajansı TR-AnCHP
Metne Dönüştürmek Ajansı TR-AnCHP
041 ## - DİL KODU
Metin / Ses Parça Veya Ayrı Başlığın Dil Kodu tur
082 ## - DEWEY ONLU SINIFLANDIRMA NUMARASI
Sınıflandırma Numarası 891.73
Ürün Numarası O77f 1974
100 ## - ANA GİRİŞ - KİŞİSEL İSİM
Kişisel Ad Ostrovski, Nikolay
245 10 - BAŞLIK TABLOSU
Başlık Fırtınayla gelenler/
Sorumluluk Tablosu, Vb Nikolay Ostrovski ; çeviren : Hamit Çelikoğlu
260 ## - YAYIN, DAĞITIM, VB
Yayın, Dağıtım, Vb Yeri İstanbul:
Yayıncı, Dağıtıcı, Vs Adı Oluş yayınevi,
Yayın, Dağıtım, Vb Tarihi 1974.
300 ## - FİZİKSEL TANIM
Kapsam 284 s.:
Boyutlar 19 sm.
490 ## - SERİSİ TABLOSU
Seri Beyanı Oluş yayınları;
Hacim / Ardışık Tanımı 65.
650 #0 - KONU KATMA GİRİŞ - TOPİKAL DÖNEM
9 (RLIN) 5112
Topikal Süreli Veya Coğrafi Ad Giriş Elemanı Rus Edebiyatı
Genel Alt Bölümü Roman
700 ## - KATMA GİRİŞ - KİŞİSEL İSİM
9 (RLIN) 6358
Kişisel Ad Çelikoğlu, Hamit
Relator Terim çev.
942 ## - EKLENDİ GİRİŞ ELEMANLARI (KOHA)
Sınıflandırma Veya Raf Düzeni Kaynak Dewey Decimal Classification
Koha Öğesi Türü Books
Holdings
Kalıcı Konum Mevcut Konum Edinme Tarihi Toplam Check-Out'Lar Tam Çağrı Numarası Barkod Tarih Son Görülme İtibaren Geçerli Fiyatlar Sigara Kamu Notu Koha Öğesi Türü
CHP Kütüphanesi CHP Kütüphanesi 08/13/2020   891.73 O77f 1974 019328 08/13/2020 08/13/2020 Emine Başak Alkan Bağışıdır. Books